000 00734nam a2200253 i 4500
001 C2-0317391
003 PPAK
005 20201119113404.0
008 120912s2012 my |||gr||||| | f may d
020 _a9789673650927
_qpaperback
040 _aPPAK
_beng
_cPPAK
_erda
082 0 4 _a899.2333
_223
090 0 0 _a899.2333
_bEYL
_dG
100 0 _aEyla Hime,
_eauthor
245 1 0 _aMaafkan Abang /
_cEYLA HIME ; Editor Noorhafedah Jamiyil.
264 1 _aKuala Lumpur :
_bFajar Pakeer Sdn. Bhd. ,
_c2012
300 _a562 pages ;
_c19 cm
336 _2rdacontent
_atext
337 _2rdamedia
_aunmediated
338 _2rdacarrier
_avolume
650 1 0 _aMalay fiction.
700 0 _aNoorhafedah Jamiyil,
_eeditor
942 _cB
_2ddc
999 _c118461
_d118461